| 000 | 00655nam a2200193Ia 4500 | ||
|---|---|---|---|
| 003 | IN-BaIIA | ||
| 008 | 211028s9999 xx 000 0 eng d | ||
| 040 | _cIIA Library | ||
| 080 |
_a048.1:5 _bAJ-66 |
||
| 245 | 0 |
_aAstronomischer Jahresbericht, 66, Band, Die Literatur Des Jahres 1966 (in German) _cEdited by W. Lohmann, F. Henn, and U. Güntzel-Lingner |
|
| 260 |
_aBerlin _bWalter De Gruyter _c1968 |
||
| 300 | _axii, 848p. | ||
| 650 |
_aAstronomy Abstracts _94458 |
||
| 650 | _aAstronomy and Astrophysics Thesaurus | ||
| 700 |
_aGuntzellingner, V., ed. _910510 |
||
| 700 |
_aHenn, F., ed. _96055 |
||
| 700 |
_aLohmann, W., ed. _910511 |
||
| 942 | _cBK | ||
| 999 |
_c6061 _d6061 |
||